AYIŞIĞI SOFRASI/N.ERAY/EVEREST (Record no. 685016)

MARC details
000 -LEADER
sabit uzunluktaki kontrol alanı 00243nam a2200097Ia 4500
001 - KONTROL NUMARASI
kontrol alanı 685016
005 - EN SON İŞLEMİN TARİH VE ZAMANI
kontrol alanı 20250826161509.0
008 - SABİT-UZUNLUKTA VERİ ÖĞELERİ--GENEL BİLGİ
sabit uzunluktaki kontrol alanı 250824s9999 xx 000 0 und d
245 #0 - ESER / YAZAR
ESER ADI AYIŞIĞI SOFRASI/N.ERAY/EVEREST
Yazar Adı NAZLI ERAY
260 ## - YAYIN, DAĞITIM, VB.
YAYIN EVİ EVEREST
Holdings
Düşüm durumu Kayıp durumu Hasar Durumu Ödünç verilmez Ana kütüphane Geçerli Kütüphane Edinilen tarih Toplam ödünç verme sayısı Barkod Son görüntüleme tarihi Fiyatın geçerli olmaya başladığı tarih Koha materyal türü
        SELAHADDİN EYYUBİ ANADOLU LİSESİ SELAHADDİN EYYUBİ ANADOLU LİSESİ 24.08.2025   1022913 26.08.2025 26.08.2025 Books